| 000 | 00427nam a22001457a 4500 | ||
|---|---|---|---|
| 005 | 20170330091240.0 | ||
| 008 | 170330b xxu||||| |||| 00| 0 eng d | ||
| 040 | _cPK-LaUMT | ||
| 082 |
_aZIAC 297 _bSAL-I |
||
| 100 | _aسلمان حسین خاں | ||
| 245 |
_aاسلام جدید دور میں/ _cسلمان حسین خاں |
||
| 260 |
_aلاہور: _bاسلامک پبلیکیشنز، _c1995 |
||
| 300 | _a352 ص | ||
| 942 | _cBK | ||
| 999 |
_c92175 _d92175 |
||